00997cam a2200265 i 4500003000900000005001700009007000300026008004100029020001800070040003000088082002000118100002900138245009600167264005000263300002600313336002700339337003400366338002800400490002400428500013600452500006200588650002100650651002500671700003500696DO-SdBNP20231004132108.0ta751003s2017 sp 000 f spa d a9788467050646 aDO-SdBNPbspacBNPHUerda a823.3bW671222 aWilde, Oscar,d1854-190013aEl fantasma de Canterville :by otros cuentos /cOscar Wilde ; traducción Catalina Montes 1aBarcelona, España :bEspasa Libros, c2017. a379 páginasc19 cm. 2rdacontentatextobtxt 2rdamediaasin mediación bn 2rdacarrieravolumenbnc1 aAustral Intrépida aEl papel utilizado para la impresión de este libro es cien por ciento libro de cloro y está calificado como papel ecológico.  aIncluye datos biográficos del autor en la página 379. 4aNovela irlandesa aLiteratura irlandesa1 aMontes, Catalinaetraducción